000
00266nam a2200109Ia 4500
008
201231s9999 xx 000 0 und d
100
_a
Bose,A.N
245
0
_a
Coast Zone Management of West Bengal
260
_a
Kolkata
_b
U.N. Dhar
300
_a
147, XVII
942
_c
BK
999
_c
10358
_d
10358